000 00679nam a2200217Ia 4500
001 12537
003 GE_BSU
008 181216s||||||||xx |||||||||||||| ||und||
020 _a9785970425602
040 _cGE_BSU
080 _a615.83(075.8)
100 _aАлександров,В.В. Алгазин,А.И.
245 _aОсновы восстановительной медицины и физиотерапии
260 _aМосква
260 _bГеотар-Медиа
260 _c2013
300 _a136стр.20см.
541 _h30Л.
653 _aОсновы восстановительной медицины и физиотерапии
942 _cBK
999 _c45710
_d45710